| 000 -LEADER |
| fixed length control field |
00713pam a2200229 a 4500 |
| 001 - CONTROL NUMBER |
| control field |
4298061 |
| 005 - DATE AND TIME OF LATEST TRANSACTION |
| control field |
20180226032911.0 |
| 008 - FIXED-LENGTH DATA ELEMENTS--GENERAL INFORMATION |
| fixed length control field |
861031t19871983maua b 001 0 eng |
| 010 ## - LIBRARY OF CONGRESS CONTROL NUMBER |
| LC control number |
86028573 |
| 020 ## - INTERNATIONAL STANDARD BOOK NUMBER |
| International Standard Book Number |
1555530133 (pbk. : alk. paper) : |
| Terms of availability |
$11.95 |
| 040 ## - CATALOGING SOURCE |
| Original cataloging agency |
DLC |
| Transcribing agency |
DLC |
| Modifying agency |
DLC |
| 041 ## - LANGUAGE CODE |
| Language code of text/sound track or separate title |
eng |
| 043 ## - GEOGRAPHIC AREA CODE |
| Geographic area code |
n-us--- |
| 080 ## - UNIVERSAL DECIMAL CLASSIFICATION NUMBER |
| Universal Decimal Classification number |
305.42/0973 LOI |
| 082 00 - DEWEY DECIMAL CLASSIFICATION NUMBER |
| Classification number |
305.42/0973 LOI |
| Edition number |
19 |
| 100 ## - Rafti |
| Rafti |
52 |
| 101 ## - Shkurtesa |
| Shkurtesa |
EDU |
| 245 00 - TITLE STATEMENT |
| Title |
Decades of discontent : |
| Statement of responsibility, etc |
edited, with an introduction and a new foreword, by Lois Scharf and Joan M. Jensen. |
| 504 ## - BIBLIOGRAPHY, ETC. NOTE |
| Bibliography, etc |
Bibliography: p. [299]-306. |
| 906 ## - LOCAL DATA ELEMENT F, LDF (RLIN) |
| a |
7 |
| b |
cbc |
| c |
orignew |
| d |
1 |
| e |
ocip |
| f |
19 |
| g |
y-gencatlg |
| 942 ## - ADDED ENTRY ELEMENTS (KOHA) |
| Source of classification or shelving scheme |
|
| Item type |
Books |